Applications of Mathematics and Informatics in Science and Engineering

Analysis, assessment, and data management are core competencies for operation research analysts. This volume addresses a number of issues and developed methods for improving those skills. It is an outgrowth of a conference held in April 2013 at the Hellenic Military Academy, and brings together a br...

Πλήρης περιγραφή

Λεπτομέρειες βιβλιογραφικής εγγραφής
Συγγραφή απο Οργανισμό/Αρχή: SpringerLink (Online service)
Άλλοι συγγραφείς: Daras, Nicholas J. (Επιμελητής έκδοσης)
Μορφή: Ηλεκτρονική πηγή Ηλ. βιβλίο
Γλώσσα:English
Έκδοση: Cham : Springer International Publishing : Imprint: Springer, 2014.
Σειρά:Springer Optimization and Its Applications, 91
Θέματα:
Διαθέσιμο Online:Full Text via HEAL-Link
LEADER 06151nam a22005415i 4500
001 978-3-319-04720-1
003 DE-He213
005 20151116135056.0
007 cr nn 008mamaa
008 140430s2014 gw | s |||| 0|eng d
020 |a 9783319047201  |9 978-3-319-04720-1 
024 7 |a 10.1007/978-3-319-04720-1  |2 doi 
040 |d GrThAP 
050 4 |a QA402.5-402.6 
072 7 |a PBU  |2 bicssc 
072 7 |a MAT003000  |2 bisacsh 
082 0 4 |a 519.6  |2 23 
245 1 0 |a Applications of Mathematics and Informatics in Science and Engineering  |h [electronic resource] /  |c edited by Nicholas J. Daras. 
264 1 |a Cham :  |b Springer International Publishing :  |b Imprint: Springer,  |c 2014. 
300 |a XI, 445 p. 96 illus.  |b online resource. 
336 |a text  |b txt  |2 rdacontent 
337 |a computer  |b c  |2 rdamedia 
338 |a online resource  |b cr  |2 rdacarrier 
347 |a text file  |b PDF  |2 rda 
490 1 |a Springer Optimization and Its Applications,  |x 1931-6828 ;  |v 91 
505 0 |a Parametric Design and Optimization of Multi-Rotor Aerial Vehicles (C. Ampatis, E. Papadopoulos) -- Scattering Relations for a Multi-Layered Chiral Scatterer in an Achiral Environment (C. Athanasiadis, E. Athanasiadou, S. Dimitroula, E. Kikeri) -- Almost Periodic Solutions of Navier–Stokes–Ohm Type Equations in Megneto-Hydrodynamics (E.S. Athanasiadou, V.F. Dionysatos, P.N. Koumantos, P.K. Pavlakos) -- Admission Control Policies in a Finite Capacity Geo/Geo/1 Queue under Partial State Observations (A. Burnetas, Ch. Kokaliaris) -- Error Bounds for Trapezoid Type Quadrature Rules with Applications for the Mean and Variance (P. Cerone, S.S. Dragomir, E. Kikianty) -- Correlated Phenomena in Wireless Communications: A Copula Approach (G.E. Chatzarakis, P.G. Cottis, S.N. Livieratos, A. Voulkidis) -- Stochastic Analysis of Cyber Attacks (N.J. Daras) -- Numerical Solution of the Defense Force Optimal Positioning Problem (N.J. Daras, D. Triantafyllou) -- Invisibility Regions and Regular Meta-materials (G. Dassios) -- Evaluating UAV Impact in the Tactical Context of a Mechanized Infantry Scout Platoon Through Military Simulation Software (G. Drakopoulos, K. Kouvelis, E. Mavratzotis, S. Papadopoulos, M. Sakelariou, A. Vatikalos, A. Voulodimos) -- Balanced Integer Solutions of Linear Equations (K.A. Draziotis) -- A Short Exposition of Topological Applications to Security Systems (S. Hassapis, D. Panagopoulos) -- SAR Imaging: An Autofocusing Method for Improving Image Quality and MFS Image Classification Technique (E. Kallitsis, A. Karakasiliotis, A. Malamou, C. Pandis, P. Stefaneas, P. Frangos) -- Optimal Preventive Maintenance of a Production-Inventory System When the Action of "Idling" is Permissible (C. Karamatsoukis, E.G. Kyriakidis) -- Operational Planning for Military Demolitions: An Integrated Approach (M.G. Karlaftis, K. Kepaptsoglou, A. Spanakis) -- Satellite Telecommunications in the Military: Advantages, Limitations, and the Networking Challenge (G. Katsoulis) -- Stabilization and Tracking for Swarm Based UAV Missions Subject to Time-Delay (G.P. Kladis) -- About Model Compliexity of 2-D Polynomial Discrete Systems: An Algebraic Approach (S. Kotsios, D. Lappas) -- A Control Scheme Toward Accurate Firing While Moving for a Mobile Robotic Weapon System with Delayed Resonators (F.N. Koumboulis, N.D. Kouvakas) -- Reliability Analysis of Coherent Systems with Exchangeable Components (M.V. Koutras, I.S. Triantafyllou) -- Abductive Reasoning in 2D Geospatial Problems (A. Koutsioumpas) -- Computational Number Theory and Cryptography (P. Mihăilescu, M.Th. Rassias) -- Improvement of Order Performance of a Supplier (S.J. Moschuris, C. Nikou) -- On the Design of Agent Agreement Protocol Using Linear Error-Correcting Codes (P.E. Nastou, P. Pardalos, P. Spirakis, Y.C. Stamatiou) -- The Byzantine Generals Problem in Generic and Wireless Networks (A. Pagourtzis) -- A Multidimensional Hilbert-type Integral Inequality Related to the Riemann Zeta Function (M.Th. Rassias, B. Yang) -- Robustness of Fictitious Play in a Resource Allocation Game (M. Smyrnakis). 
520 |a Analysis, assessment, and data management are core competencies for operation research analysts. This volume addresses a number of issues and developed methods for improving those skills. It is an outgrowth of a conference held in April 2013 at the Hellenic Military Academy, and brings together a broad variety of mathematical methods and theories with several applications. It discusses directions and pursuits of scientists that pertain to engineering sciences. It is also presents the theoretical background required for algorithms and techniques applied to a large variety of concrete problems. A number of open questions as well as new future areas are also highlighted. This book will appeal to operations research analysts, engineers, community decision makers, academics, the military community, practitioners sharing the current “state-of-the-art,” and analysts from coalition partners. Topics covered include Operations Research, Games and Control Theory, Computational Number Theory and Information Security, Scientific Computing and Applications, Statistical Modeling and Applications, Systems of Monitoring and Spatial Analysis. 
650 0 |a Mathematics. 
650 0 |a Game theory. 
650 0 |a Number theory. 
650 0 |a Mathematical optimization. 
650 0 |a Operations research. 
650 0 |a Management science. 
650 0 |a Probabilities. 
650 1 4 |a Mathematics. 
650 2 4 |a Optimization. 
650 2 4 |a Game Theory, Economics, Social and Behav. Sciences. 
650 2 4 |a Number Theory. 
650 2 4 |a Probability Theory and Stochastic Processes. 
650 2 4 |a Operations Research, Management Science. 
700 1 |a Daras, Nicholas J.  |e editor. 
710 2 |a SpringerLink (Online service) 
773 0 |t Springer eBooks 
776 0 8 |i Printed edition:  |z 9783319047195 
830 0 |a Springer Optimization and Its Applications,  |x 1931-6828 ;  |v 91 
856 4 0 |u http://dx.doi.org/10.1007/978-3-319-04720-1  |z Full Text via HEAL-Link 
912 |a ZDB-2-SMA 
950 |a Mathematics and Statistics (Springer-11649)